Visualizzazione normale
Vista MARC
- Concilios y sínodos diocesanos
di Topical Term
Records bibliografici associati: 1
001 - CONTROL NUMBER
- control field: 51761
003 - CONTROL NUMBER IDENTIFIER
- control field: IT-RoINE
005 - DATE AND TIME OF LATEST TRANSACTION
- control field: 20190925042027.0
008 - FIXED-LENGTH DATA ELEMENTS
- fixed length control field: 180719|| aca||aabn | a|a d
040 ## - CATALOGING SOURCE
- Original cataloging agency: IT-RoINE
- Transcribing agency: IT-RoINE
150 ## - HEADING--TOPICAL TERM
- Topical term or geographic name as entry element: Concilios y sínodos diocesanos
- Geographic subdivision: Italia
- Geographic subdivision: Novara
- Chronological subdivision: 1298
670 ## - SOURCE DATA FOUND
- Source citation: Work cat.: (IT-RoINE)0: Briacca, Giuseppe, sac. 51759, Gli statuti sinodali novaresi di Papiniano Della Rovere, a. 1298 /, 1971.